| 000 | 01353cam a22003497a 4500 | ||
|---|---|---|---|
| 003 | CHAP | ||
| 005 | 20220817043950.0 | ||
| 008 | 041020d2003 mx bd rs 00110 spa d | ||
| 010 | _a88951 | ||
| 011 | _a89923 | ||
| 020 | _a9701341341 | ||
| 035 | _a100476 | ||
| 040 | _cCHAP | ||
| 082 | 0 | 4 |
_a312.0972 _bM49c 2000 Mich. |
| 110 | 2 |
_aInstituto Nacional de Estadística, Geografía e Informática. México _959304 |
|
| 245 | 1 | 0 |
_aCenso general de población y vivienda (12o.) 2000: _bMichoacán _c/por INEGI |
| 260 |
_aAguascalientes, Ags. : _bInstituto Nacional de Estadística, Geografía e Informática, _c2003 |
||
| 300 |
_av. : _bgráfs. ; mapas ; cuadros |
||
| 500 | _aLa biblioteca tiene: v.1 Perfil sociodemográfico | ||
| 590 |
_aBATCH-UPD _b10 _c20130110 _lUCH01 _h1718 |
||
| 590 |
_aBATCH-UPD _b10 _c20130410 _lUCH01 _h1102 |
||
| 590 |
_aBATCH-UPD _b10 _c20130914 _lUCH01 _h1822 |
||
| 590 |
_aCONVERSION _b10 _c20130109 _lUCH01 _h1349 |
||
| 650 | 1 | 4 |
_aMéxico _xCensos. |
| 650 | 1 | 4 |
_aPoblación _xEstadísticas _zMichoacán. _989384 |
| 650 | 1 | 4 |
_aVivienda _xMichoacán. _9120134 |
| 901 | _aBK | ||
| 905 | _aMarco A. Mendoza T. | ||
| 942 | _cLIBRO | ||
| 949 |
_a312.0972 M49c 2000 Mich. _bBC _cINEGI _d33724000912549 _eINEGI _fv.1 c.2 _h104138 _i100476 _sb |
||
| 949 |
_a312.0972 M49c 2000 Mich. _bBC _cINEGI _d33724000912606 _eINEGI _fv.1 _h104137 _i100476 _sb |
||
| 999 |
_c88951 _d88951 |
||